Синергетика и теория сложности: междисциплинарный подход. Ч. 1: Принципы. Методология. Образование (Запись № 12145758)

Подробности
000 -МАРКЕР
контрольное поле 01697nam2a2200301 i 4500
001 - ИДЕНТИФИКАТОР ЗАПИСИ
контрольное поле RU\NLR\BIBL_A\011530995
005 - ИДЕНТИФИКАТОР ВЕРСИИ
контрольное поле 20240729124131.0
010 ## - МЕЖДУНАРОДНЫЙ СТАНДАРТНЫЙ НОМЕР КНИГИ (ISBN)
Номер (ISBN) 9785990929968
Тираж 500
021 ## - НОМЕР ГОСУДАРСТВЕННОЙ РЕГИСТРАЦИИ
Код страны Российская Федерация
Номер 2017-81674
Номер Листа государственной регистраци 5827
035 ## - ДРУГИЕ СИСТЕМНЫЕ НОМЕРА
Идентификатор записи (RuMoRGB)009433677
035 ## - ДРУГИЕ СИСТЕМНЫЕ НОМЕРА
Идентификатор записи (NLR Aleph) 011530995
100 ## - ДАННЫЕ ОБЩЕЙ ОБРАБОТКИ
Данные общей обработки 20171121d2016 k y0rusy50 ca
101 0# - ЯЗЫК РЕСУРСА
Язык текста, звукозаписи и т.д. русский
Язык резюме английский
102 ## - СТРАНА ПУБЛИКАЦИИ ИЛИ ПРОИЗВОДСТВА
Страна публикации Российская Федерация
105 ## - ПОЛЕ КОДИРОВАННЫХ ДАННЫХ: ТЕКСТОВЫЕ МАТЕРИАЛЫ, МОНОГРАФИЧЕСКИЕ
Кодированные данные о монографическом текстовом документе a|||z|||000zy
200 1# - ЗАГЛАВИЕ И СВЕДЕНИЯ ОБ ОТВЕТСТВЕННОСТИ
Основное заглавие Принципы. Методология. Образование
210 ## - ПУБЛИКАЦИЯ, РАСПРОСТРАНЕНИЕ И ДР.
Дата издания, распространения и т.д. 2016
215 ## - ФИЗИЧЕСКАЯ ХАРАКТЕРИСТИКА
Специфическое обозначение материала и объем 179 с.
Другие сведения о физической характеристике ил.
300 ## - ОБЩИЕ ПРИМЕЧАНИЯ
Текст примечания Рез. англ.
320 ## - ПРИМЕЧАНИЯ О НАЛИЧИИ В ДОКУМЕНТЕ БИБЛИОГРАФИИ / УКАЗАТЕЛЯ
Текст примечания Библиогр.: с. 171-178 (133 назв.) и в подстроч. примеч.
461 #0 - УРОВЕНЬ НАБОРА
Встроенное поле 001RU\NLR\BIBL_A\011541267
-- 2001#$aСинергетика и теория сложности: междисциплинарный подход$e[монография]$fБуданов В.Г.$gУчреждение Российской академии наук, Институт философии РАН$vЧ. 1
-- 700#1$aБуданов$bВ. Г.$gВладимир Григорьевич$f1955-$cд-р филос. наук, канд. физ.-мат. наук$3RU\NLR\AUTH\7751222
Системный номер (АБИС) связанной записи 12196503
Автор Буданов, В. Г. (д-р филос. наук, канд. физ.-мат. наук ; 1955-)
Место публикации Москва
Дата публикации 2016
Первые сведения об ответственности Буданов В.Г.
Имя издателя, распространителя и т.д. Университетская книга
Сведения, относящиеся к заглавию [монография]
Заглавие Синергетика и теория сложности: междисциплинарный подход
Номер тома Ч. 1
517 1# - ДРУГИЕ ВАРИАНТЫ ЗАГЛАВИЯ
Вариант заглавия Методология. Образование
517 1# - ДРУГИЕ ВАРИАНТЫ ЗАГЛАВИЯ
Вариант заглавия Образование
942 ## - ДОПОЛНИТЕЛЬНЫЕ ЭЛЕМЕНТЫ ЗАПИСИ (АБИС)
Тип экземпляра АБИС Книга
980 ## - КОЛЛЕКЦИЯ
Название коллекции НБР

Нет доступных экземпляров.